| 000 | 00954nam a22002297a 4500 | ||
|---|---|---|---|
| 999 |
_c13421 _d13421 |
||
| 003 | AR-CdUCM | ||
| 008 | 190415b ||||| |||| 00| 0 spa d | ||
| 040 |
_aMUNICIPALIDAD PROVINCIAL DEL CUSCO _cBIBLIOTECA MUNICIPAL DEL CUSCO |
||
| 082 |
_a410.06 / _bM672 |
||
| 100 |
_aMiranda, Luis _931832 |
||
| 245 | _aActas del II Congreso Nacional de Investigaciones Lingüístico-Filológicas / | ||
| 260 |
_aLima : _bUniversidad Ricardo Palma, Facultad de Lenguas Modernas, _c1998. |
||
| 300 |
_a2 tomos ; _c20 cm. |
||
| 505 | _aContenido: t.1. Plenarias. Traducción - Enseñanza y descripción de segunda (s) lengua (s) - Lingüística española -- t.2. Lingüística indígena andina y amazónica. | ||
| 650 |
_aLingüística _91640 |
||
| 650 |
_aLengua española _91124 |
||
| 650 |
_aEnsayos, conferencias _91255 |
||
| 700 |
_aOrellana, Amanda _931833 |
||
| 710 |
_aUniversidad Ricardo Palma _931834 |
||
| 942 |
_2ddc _cLIBROS |
||
| 945 |
_adavv _d15/04/2019 |
||